| 000 | 00611nam a2200241Ia 4500 | ||
|---|---|---|---|
| 003 | OSt | ||
| 005 | 20221007110026.0 | ||
| 006 | a|||||r|||| 00| 0 | ||
| 007 | ta | ||
| 008 | 221006b |||||||| |||| 00| 0 eng d | ||
| 024 | _a20,162 | ||
| 037 | _cTextual | ||
| 040 |
_aLCO _cLCO _beng |
||
| 041 |
_2eng _aeng |
||
| 082 | _aZ2Oj58,3, L1 | ||
| 100 | _aMenon K P S | ||
| 245 | 0 | _aIndo-Soviet Treaty | |
| 260 |
_aDelhi _bVikas Publications India _c1971 |
||
| 300 | _a83 | ||
| 650 |
_aSOVIET TREATY _9707041 |
||
| 942 |
_hZ2Oj58,3, L1 _cTEXL |
||
| 999 |
_c1189725 _d1189725 |
||